[Event "Airthings Masters Preliminary"]
[Site "Online"]
[Date "2020.12.23"]
[Round "11.2"]
[White "Nakamura, Hikaru"]
[Black "Giri, Anish"]
[Result "1-0"]
[WhiteElo "2736"]
[BlackElo "2764"]
[Annotator "TA"]
[PlyCount "109"]
[EventDate "2020.12.26"]
[EventType "tourn"]
[EventCountry "NET"]
[SourceTitle "playchess.com"]
[Source "ChessBase"]
[SourceQuality "1"]

{[%evp 14,109,-4,-12,-12,-15,0,6,25,31,12,29,58,73,68,79,80,80,79,85,59,0,0,0,10,0,46,39,115,112,110,102,102,111,164,161,188,200,183,195,179,188,196,181,189,133,129,140,142,136,133,140,135,130,242,242,242,242,242,242,242,208,232,231,385,148,163,163,163,163,163,162,145,141,141,141,218,166,166,166,210,208,208,208,370,307,514,520,506,499,499,498,725,725,698,629,29968,8947]} 1. e4 c5 2. Nf3 e6 3. g3 Nc6 4. Bg2 Nf6 5. d3 d5 6. Nbd2 Be7 7. O-O O-O 8. Re1 h6 {C00: French: Unusual White 2nd moves.} 9. c3 b5 10. exd5 Nxd5 {The position is equal.} 11. a4 b4 12. c4 {[#]} Nc7 $146 ({Predecessor:} 12... Nf6 13. Nd4 Qxd4 14. Bxc6 Rb8 15. Nb3 Qd8 16. d4 cxd4 17. Bf4 Bd6 18. Qxd4 Bxf4 19. Qxf4 {½-½ (50) In 'T Veld,H (2223)-Webbink,A (2233) ICCF email 2019}) 13. Nb3 Bb7 14. Be3 Na6 15. d4 cxd4 16. Nfxd4 Qc8 17. Qe2 Nxd4 18. Bxd4 {Strongly threatening Bxb7.} Bxg2 19. Kxg2 Rd8 20. Qf3 Qxc4 (20... Nc5 $14 21. Bxc5 Bxc5) 21. Rac1 $40 {[%mdl 128] White is out for blood.} Qd5 22. Qxd5 Rxd5 23. Rc6 Nb8 (23... Rd6 $16 24. Rec1 Rad8) 24. Rc8+ $18 Rd8 25. Rec1 Nd7 26. Rxa8 Rxa8 27. Rc7 $1 {[%csl LRa7,LRd7][%mdl 64] Double Attack} Rd8 28. Rxa7 Bf6 29. a5 (29. Bxf6 $18 Nxf6 30. a5) 29... Bxd4 $16 30. Nxd4 {[%mdl 4096] Endgame KRN-KRN} Ne5 {[#]} 31. a6 $1 Rxd4 {KRN-KR} 32. Ra8+ Kh7 {And now ...Rd7 would win.} 33. a7 Nc6 {[#]} (33... Rd5 $16 34. Rb8 Ra5) 34. Rh8+ $1 $18 {[%mdl 576] Decoy} Kxh8 35. a8=Q+ {[%mdl 64] Double Attack. KQ-KRN} Nd8 36. Qa7 Rd5 37. Qb6 Kg8 38. Qxb4 Nc6 $2 {[#]} (38... g6 39. Qc4 h5) 39. Qb7 $2 (39. Qa4 $1 $18 {[%cal Ra4c6]} Nd4 40. Qe8+ Kh7 41. Qxf7) 39... Nd4 $16 40. Qb8+ Kh7 41. Qf8 Kg6 42. g4 h5 43. h3 hxg4 44. hxg4 e5 (44... Ne2 $16 {might work better.} 45. b4 Nf4+ 46. Kf3 Nd3) 45. Qa8 Ne6 46. b4 Rd4 47. b5 {b6 is the strong threat.} Rxg4+ 48. Kf1 {Hoping for b6.} Rb4 $2 (48... Rd4 49. b6 Nd8) 49. Qc6 $18 Kg5 $2 (49... Kh7 50. b6 Rb2 51. Qe4+ g6) 50. b6 Nf4 {( -> ...Rb1+)} 51. Kg1 Rb1+ 52. Kh2 Ne6 (52... Rb2 $142 53. b7 Rxf2+ 54. Kg3 Rb2) 53. Qe4 Rb5 54. b7 Nd8 55. b8=R {Weighted Error Value: White=0.09/Black=0.47} (55. b8=Q $142 Rxb8 56. Qxe5+ {[%mdl 64] Double Attack} f5 57. Qxb8 Nf7 58. Qb6 f4 59. Qc7 Kg6 60. Qxf4) 1-0

[Event "Airthings Masters Preliminary"]
[Site "Online"]
[Date "2020.12.23"]
[Round "11.3"]
[White "Nepomniachtchi, Ian"]
[Black "Carlsen, Magnus"]
[Result "1/2-1/2"]
[WhiteElo "2784"]
[BlackElo "2862"]
[Annotator "TA"]
[PlyCount "48"]
[EventDate "2020.12.26"]
[EventType "tourn"]
[EventCountry "NET"]
[SourceTitle "playchess.com"]
[Source "ChessBase"]
[SourceQuality "1"]

{[%evp 23,48,8,12,0,22,24,20,12,18,20,22,21,35,20,28,25,29,27,34,31,58,0,25,0,47,0,47]} 1. e4 c5 2. Nf3 Nc6 3. d4 cxd4 4. Nxd4 Nf6 5. Nc3 e5 6. Ndb5 d6 7. Bg5 a6 8. Na3 b5 9. Nd5 Be7 10. Bxf6 Bxf6 11. c4 b4 12. Nc2 a5 13. g3 {B33: Sicilian: Pelikan and Sveshnikov Variations.} h5 14. h4 g6 15. Bh3 Bb7 16. Qd3 Bg7 {[#]} 17. Rd1 $146 ({Predecessor:} 17. a3 O-O 18. O-O bxa3 19. Rxa3 Rb8 20. Rd1 Ba6 21. b4 Bc8 22. Bxc8 axb4 23. Ra6 Rxc8 24. Ndxb4 {1-0 (36) Poetsch,H (2474)-Goldsworthy,P (2088) Schwaebisch Gmuend 2014}) 17... O-O 18. O-O Rb8 19. b3 Re8 20. Rfe1 Ba8 21. Nde3 Bf8 22. Nd5 Bg7 23. Nde3 Bf8 24. Nd5 Bg7 {Weighted Error Value: White=0.12/Black=0.07} 1/2-1/2

[Event "Airthings Masters Preliminary"]
[Site "Online"]
[Date "2020.12.23"]
[Round "11.4"]
[White "Aronian, Levon"]
[Black "Anton Guijarro, David"]
[Result "0-1"]
[WhiteElo "2781"]
[BlackElo "2675"]
[Annotator "TA"]
[PlyCount "120"]
[EventDate "2020.12.26"]
[EventType "tourn"]
[EventCountry "NET"]
[SourceTitle "playchess.com"]
[Source "ChessBase"]
[SourceQuality "1"]

{[%evp 14,120,14,16,20,25,37,45,42,44,54,32,41,41,46,11,3,10,9,13,31,0,7,0,10,-10,-12,-8,-8,-8,-10,-14,-10,-19,-19,-19,-19,-20,-20,-20,-20,-19,-19,-19,-33,-35,-32,-29,-19,-23,54,-36,0,-35,-38,-50,-54,-54,-54,-54,-26,-58,-58,-58,-58,-85,-61,-83,-75,-92,-94,-204,-180,-193,-196,-181,-195,-179,-186,-179,-165,-273,-273,-273,-253,-255,-261,-288,-285,-522,-459,-945,-945,-839,-854,-702,-737,-29973,-29975,-29980,-29981,-29981,-29982,-29983,-29984,-29984,-29985,-29986,-29984]} 1. e4 c5 2. Nf3 Nc6 3. Bb5 e6 4. O-O Nge7 5. c3 a6 6. Be2 d5 7. exd5 Nxd5 8. d4 Be7 {B30: Sicilian: 2...Nc6 3 Bb5, lines without ...g6.} 9. dxc5 Bxc5 10. c4 Nf6 {White is slightly better.} 11. Qxd8+ Kxd8 {[#]} 12. a3 $146 ({Predecessor:} 12. Rd1+ Ke7 13. Nc3 Ba7 14. b3 Rd8 15. Ba3+ Ke8 16. Rxd8+ Nxd8 17. Rd1 Bd7 18. Ne5 {1-0 (41) Magem Badals,J (2534)-Bauer,C (2602) San Sebastian 2009}) 12... Ke7 13. b4 Nd4 14. Ra2 Nxe2+ 15. Rxe2 Bd6 16. Nc3 Rd8 17. Be3 Bd7 18. Rd1 Bc7 19. Ne5 Bxe5 20. Bc5+ {[%mdl 64] Discovered Attack} Ke8 21. Rxe5 {[#]} Ba4 $1 22. Rc1 Bb3 23. Ne4 Nxe4 24. Rxe4 Rd3 25. Bb6 Rc8 26. c5 Bd5 27. Re3 Rxe3 28. fxe3 $11 {[%mdl 4096] Endgame KRB-KRB} f5 29. Kf2 Kd7 30. Rd1 Kc6 31. a4 g5 (31... h5 $11) 32. Rb1 (32. g4 $1 $14 Rf8 33. Kg1) 32... Ra8 33. Rd1 (33. g4 $5) 33... h5 34. e4 fxe4 35. Ke3 Rf8 36. h3 Rf7 37. Bd8 g4 38. hxg4 hxg4 39. Rb1 {Black converts the advantage convincingly.} g3 40. Rb2 Rf1 41. Bh4 Ra1 42. Bxg3 (42. Kf4 $17) 42... Ra3+ $1 $19 (42... Rxa4 43. Kf4 $15) 43. Kf4 e5+ $1 (43... Rxa4 44. Be1 $15) 44. Kg4 Be6+ ({Resist} 44... Rxa4 45. Kf5 $15) 45. Kh4 e3 46. Bxe5 Bc4 ({Don't play} 46... Rxa4 47. Kg3 $17) 47. g4 (47. Rb1 $142) 47... e2 ({But not} 47... Rxa4 48. Kg3 $17) 48. Rb1 Rxa4 49. Bg3 Kb5 50. Be1 Ra3 $1 51. Bg3 $2 (51. Rc1) 51... Rd3 52. Re1 (52. Rh1 $142 Kxb4 53. g5) 52... Rd1 53. g5 Kxb4 54. g6 Kxc5 55. g7 {[#]} Rxe1 $1 {Black mates.} 56. Bxe1 Kd4 57. Kg3 Kd3 58. Kf2 {[#]} b6 $1 59. Kf3 a5 60. Kf2 Bd5 {Weighted Error Value: White=0.39/Black=0.04} 0-1

[Event "Airthings Masters Preliminary"]
[Site "Online"]
[Date "2020.12.23"]
[Round "11.5"]
[White "So, Wesley"]
[Black "Dubov, Daniil"]
[Result "1-0"]
[WhiteElo "2770"]
[BlackElo "2699"]
[Annotator "TA"]
[PlyCount "69"]
[EventDate "2020.12.26"]
[EventType "tourn"]
[EventCountry "NET"]
[SourceTitle "playchess.com"]
[Source "ChessBase"]
[SourceQuality "1"]

{[%evp 23,69,45,54,18,0,0,13,4,33,0,0,0,0,0,0,0,0,0,0,0,33,0,17,0,0,0,10,0,0,0,0,0,0,0,0,0,0,0,29969,29941,29969,29970,29993,29992,29992,29993,29993,29994]} 1. e4 e5 2. Nf3 Nc6 3. Bb5 a6 4. Ba4 Nf6 5. O-O b5 6. Bb3 Bc5 7. a4 Rb8 8. c3 d6 9. d4 Bb6 10. axb5 axb5 11. Na3 O-O 12. Nxb5 Bg4 13. Re1 {C78: Ruy Lopez: Archangelsk and Möller Defences.} Bxf3 14. gxf3 Nh5 15. Kh1 {The position is equal.} Qf6 {[%cal Re5d4] 15...exd4 is not played anymore.} 16. Be3 exd4 17. cxd4 Ba5 $1 {[%cal Ra5e1]} 18. Rg1 Rxb5 19. Ba4 Rxb2 {...Bc3 is the strong threat.} ({Avoid the trap} 19... Rfb8 $2 20. Bxb5 Rxb5 21. Qe2 $16) 20. Bxc6 {[%mdl 64] Discovered Attack} Bb6 21. Rg4 {[#]} g6 $146 ({Predecessor:} 21... Rb4 22. e5 dxe5 23. dxe5 Qe7 24. Qd5 Bxe3 25. fxe3 g6 26. Rxb4 Qxb4 27. e6 Qc3 {½-½ (45) Ivanchuk,V (2725)-Shirov,A (2700) Belgrade 1997}) 22. f4 Rb4 {[%cal Rb6d4]} 23. Ra4 Rxa4 24. Qxa4 Ng7 25. Bd5 Kh8 26. h3 Qe7 27. f5 gxf5 28. exf5 Nxf5 29. Bg5 f6 ({But not} 29... Qe1+ $2 30. Kg2 $18) 30. Re4 $36 {[%mdl 2048] White is more active.} Qg7 {[%mdl 8192] [#]} (30... Qd8 $11 31. Bd2 Ng7) 31. Re8 $1 {White mates.} Ba7 {[#]} 32. Qd7 $3 {[%mdl 512]} h6 (32... Bxd4 33. Qc8) 33. Qc8 Rxe8 34. Qxe8+ Kh7 {[#]} 35. Bxf6 $1 {[%mdl 512] Weighted Error Value: White=0.06/Black=0.35} 1-0

[Event "Airthings Masters Preliminary"]
[Site "Online"]
[Date "2020.12.23"]
[Round "11.6"]
[White "Radjabov, Teimour"]
[Black "Harikrishna, Pentala"]
[Result "1/2-1/2"]
[WhiteElo "2765"]
[BlackElo "2732"]
[Annotator "TA"]
[PlyCount "84"]
[EventDate "2020.12.26"]
[EventType "tourn"]
[EventCountry "NET"]
[SourceTitle "playchess.com"]
[Source "ChessBase"]
[SourceQuality "1"]

{[%evp 11,84,9,20,12,27,27,14,0,7,6,12,1,1,-1,1,1,0,1,4,7,4,0,0,0,0,0,0,0,0,0,0,0,0,0,19,16,13,15,15,15,15,15,12,14,15,20,21,0,19,0,0,0,0,0,0,0,0,0,0,0,0,0,0,0,0,0,0,0,0,0,0,0,0,0,0]} 1. d4 Nf6 2. c4 e6 3. Nf3 d5 4. Nc3 c6 5. Bg5 dxc4 6. a4 b5 7. axb5 {D44: Semi-Slav: Botvinnik System.} cxb5 8. Nxb5 Qb6 $1 {[%cal Rb6b5]} 9. Nc3 {The position is equal.} ({Don't go for} 9. Qa4 $2 Bd7 $19) 9... Qxb2 10. Bd2 Nd5 11. Nxd5 exd5 12. Rb1 Qa2 13. e4 Bd6 14. Be2 O-O 15. O-O {[#]} dxe4 $146 ({Predecessor:} 15... Re8 16. Ra1 Qb2 17. Ra5 dxe4 18. Bxc4 exf3 19. Qxf3 Re7 20. Bc3 Qb6 21. Qxa8 Qc7 {0-1 (46) Pashikian,A (2631)-Vaibhav,S (2521) Abu Dhabi 2014}) 16. Ng5 Bf5 {aiming for ...h6.} 17. Rc1 Qb3 {Threatens to win with ...h6.} 18. Bxc4 Qxd1 19. Rfxd1 {[#] Bd5 is the strong threat.} Nd7 20. Bd5 {Black must now prevent Nxf7.} Rae8 21. Rc6 Be7 22. Bxe4 Nb8 23. Rc2 Bxg5 24. Bxf5 Bxd2 25. Rcxd2 g6 26. Bg4 Rd8 27. Ra2 Rfe8 {Hoping for ...Rxd4!} 28. h3 ({Avoid the trap} 28. Rxa7 $2 {[#]} Rxd4 $3 {[%mdl 512]} 29. Rf1 Rxg4 $19) 28... a6 29. Be2 Rd6 30. Rda1 Rxd4 31. Bxa6 Nxa6 32. Rxa6 $11 {[%mdl 4096] Endgame KRR-KRR} Rde4 33. Ra8 Rxa8 34. Rxa8+ {KR-KR} Kg7 35. Ra7 h5 36. g3 Rb4 37. h4 Rb2 38. Kg2 Rc2 39. Kg1 Rc1+ 40. Kg2 Rc2 41. Kg1 Rc1+ 42. Kg2 Rc2 {An uneventful encounter.  Weighted Error Value: White=0.02/Black=0.01} 1/2-1/2